| 000 | 01074nam a2200301 a 4500 | ||
|---|---|---|---|
| 001 | BRL_513 | ||
| 005 | 20190320210757.0 | ||
| 008 | 230813s1974----nyu#######---#000-0#eng-# | ||
| 020 | _a0890880018 | ||
| 041 | _aeng | ||
| 044 | _anyu | ||
| 050 | 4 |
_aF1435 _b.M38 1974 |
|
| 100 | 1 |
_aMaudslay, Alfred Percival, _d1850-1931 _923848 |
|
| 245 | 1 | 0 |
_aArchaeology _cBy A. P. maudslay |
| 250 |
_afacsim. ed. prepared and introd. written _bby Francis Robicsek |
||
| 260 |
_aNew York _bMilPatron Publishing Corp. _c1974 |
||
| 300 |
_a6t. en 4 volúmenes _bil. _c32 cm. |
||
| 440 | 0 |
_aBiologia Centrali-Americana _923849 |
|
| 500 | _aAu533, Au534 | ||
| 500 | _aImpresion fototipografica de la edicion publicada en 1889-1902 para los editores, f. ducana gdman y osbert salvin, por r.h. porter y dulau & co., londres | ||
| 650 | 1 | 4 |
_aMayas _xAntigüedades _99555 |
| 650 | 1 | 4 |
_aLenguas mayas _xEscritura _923561 |
| 651 | 4 |
_aMéxico _xAntigüedades _92765 |
|
| 651 | 4 |
_aAmérica Central _xAntigüedades _923855 |
|
| 700 | 1 |
_aRobicsek, Francis _924154 |
|
| 902 | _aGRL | ||
| 942 |
_2lcc _cB |
||
| 999 |
_c9325 _d9325 |
||